| 000 | 00427nam a22001697a 4500 | ||
|---|---|---|---|
| 005 | 20221215110124.0 | ||
| 008 | 221215b |||||||| |||| 00| 0 eng d | ||
| 020 | _a978-93-5097-141-3 | ||
| 041 | _aeng | ||
| 082 | _a658.43-RAI-B | ||
| 100 |
_aRAI,URMILA AND RAI ,S,M. _97337 |
||
| 245 | _aBUSINESS COMMUNUCATION | ||
| 250 | _a2nd.ed | ||
| 260 |
_aMUMBAI _bHIMALAYA PUBLISHING HOUSE _c2022 |
||
| 300 | _a426;P. | ||
| 942 | _cBK | ||
| 999 |
_c8035 _d8033 |
||